Dimensiones institucionales de la integración latinoamericana (Registro nro. 5943)

Detalles MARC
000 -LEADER
fixed length control field 01042 a2200229 4500
001 - CONTROL NUMBER
control field 55410
005 - DATE AND TIME OF LATEST TRANSACTION
control field 20260407155828.0
008 - FIXED-LENGTH DATA ELEMENTS--GENERAL INFORMATION
fixed length control field 260407a1967 arg spa d
003 - CONTROL NUMBER IDENTIFIER
control field AR-UNSa-BCEJYS
040 ## - CATALOGING SOURCE
Original cataloging agency AR-UNSa-BCEJYS
Language of cataloging spa
Transcribing agency AR-UNSa-BCEJYS
080 ## - UNIVERSAL DECIMAL CLASSIFICATION NUMBER
Universal Decimal Classification number 339.92
Common auxiliary subdivision Cooperación económica internacional. Integración económica internacional
041 ## - LANGUAGE CODE
Language code of text/sound track or separate title spa
100 1# - MAIN ENTRY--PERSONAL NAME
Personal name Sidjanski, Dusan
245 10 - TITLE STATEMENT
Title Dimensiones institucionales de la integración latinoamericana
Name of part/section of a work Instituciones, proceso de decisión, proyecciones
264 #1 - PRODUCTION, PUBLICATION, DISTRIBUTION, MANUFACTURE, AND COPYRIGHT NOTICE
Place of production, publication, distribution, manufacture Buenos Aires :
Name of producer, publisher, distributor, manufacturer Instituto para la Integración de América Latina (INTAL)
Date of production, publication, distribution, manufacture, or copyright notice 1967
300 ## - PHYSICAL DESCRIPTION
Extent 164 p.
Dimensions 23 cm.
505 ## - FORMATTED CONTENTS NOTE
Formatted contents note 1. Instituciones - 2. Proceso de decisión - 3. Comentarios y sugerencias sobre los organismos de la ALALC - 4. Aspectos generales - 5. Instituciones del mercado común centroamericano - 6. El proceso de decisión - 7. Campos de acción - 8. Observaciones y sugerencias
590 ## - LOCAL NOTE (RLIN)
Local note niveau_biblio:m niveau_hierar:0
650 ## - SUBJECT ADDED ENTRY--TOPICAL TERM
Topical term or geographic name entry element ALALC
650 ## - SUBJECT ADDED ENTRY--TOPICAL TERM
Topical term or geographic name entry element alalc
942 ## - ADDED ENTRY ELEMENTS (KOHA)
Koha item type
Existencias
Withdrawn status Lost status Damaged status Not for loan Home library Current library Shelving location Date acquired Total checkouts Full call number Barcode Date last seen Price effective from Koha item type
        Biblioteca Prof. Eusebio Cleto del Rey Biblioteca Prof. Eusebio Cleto del Rey   07/04/2026   339.92 S568 L44068 07/04/2026 07/04/2026 Libro
        Biblioteca Prof. Eusebio Cleto del Rey Biblioteca Prof. Eusebio Cleto del Rey   07/04/2026   339.92 S568 L13819 07/04/2026 07/04/2026 Libro
        Biblioteca Prof. Eusebio Cleto del Rey Biblioteca Prof. Eusebio Cleto del Rey   07/04/2026   339.92 S568 L65015 07/04/2026 07/04/2026 Libro